[Event "35th Zalakaros Open 2016"]
[Site "Zalakaros HUN"]
[Date "2016.06.02"]
[Round "7.28"]
[White "Kreisl, Robert"]
[Black "Baskin, Robert"]
[Result "1-0"]
[WhiteTitle "IM"]
[BlackTitle "FM"]
[WhiteElo "2439"]
[BlackElo "2359"]
[WhiteFideId "1613880"]
[BlackFideId "24662402"]
[EventDate "2016.05.27"]

1. Nf3 d5 2. d4 Nf6 3. c4 c6 4. e3 Bg4 5. h3 Bh5 6. cxd5 Bxf3 7. Qxf3 cxd5 8.
Nc3 Nc6 9. Bd3 e6 10. O-O Be7 11. Bd2 O-O 12. Qe2 Rc8 13. Rac1 Na5 14. Na4 Rxc1
15. Rxc1 a6 16. Nc5 Bxc5 17. dxc5 e5 18. b4 Nc6 19. a4 e4 20. Bb1 d4 21. exd4
Nxd4 22. Qd1 Nb3 23. Qxb3 Qxd2 24. Rd1 Qg5 25. Ba2 h6 26. Qe3 Qe5 27. Qd4 Qg5
28. Qe3 Qe5 29. Qd4 Qg5 30. b5 axb5 31. axb5 Rc8 32. c6 bxc6 33. b6 Qa5 34. Ra1
Qf5 35. Bc4 Qd7 36. Qc5 Rb8 37. Ra7 Qd8 38. Rxf7 Nd5 39. Qxc6 Kxf7 40. Bxd5+ Kf8
41. Qe6 1-0

[Event "35th Zalakaros Open 2016"]
[Site "Zalakaros HUN"]
[Date "2016.06.02"]
[Round "7.29"]
[White "Butkiewicz, Lukasz"]
[Black "Mesaros, Florian"]
[Result "1/2-1/2"]
[WhiteTitle "IM"]
[BlackTitle "FM"]
[WhiteElo "2429"]
[BlackElo "2318"]
[WhiteFideId "1122428"]
[BlackFideId "1629220"]
[EventDate "2016.05.27"]

1. e4 e5 2. Nf3 Nc6 3. Bb5 a6 4. Ba4 Nf6 5. O-O Be7 6. Bxc6 dxc6 7. d3 Bd6 8.
Nbd2 Be6 9. b3 Nd7 10. Nc4 Qe7 11. a4 f6 12. Nxd6+ cxd6 13. Ba3 c5 14. b4 Bg4
15. h3 Bh5 16. bxc5 dxc5 17. Qe2 Nf8 18. Qe3 Ne6 19. Nh4 O-O 20. Rfb1 Qc7 21.
Qd2 Be8 22. a5 g6 23. Rb6 Bc6 24. Nf3 Rfd8 25. Qc3 Qd6 26. Qc4 Kg7 27. Rab1 Rac8
28. Kh1 Re8 29. Qc3 Qd7 30. Nd2 Rc7 31. Nc4 Rd8 32. Ne3 Qd4 33. Qb3 Qd7 34. Qc4
Nd4 35. Nd5 Bxd5 36. exd5 Qxd5 37. Qxd5 Rxd5 38. Rxb7 Rdd7 39. Rxc7 Rxc7 40. c3
Nb5 41. Rb3 c4 42. dxc4 Rxc4 43. Bb4 Kf7 44. Rb1 Ke6 45. Rd1 e4 46. Rd8 h5 47.
Re8+ Kf5 48. Rb8 Nxc3 49. Bxc3 Rxc3 50. Rb6 h4 51. Rxa6 Rc1+ 52. Kh2 Rf1 53. g4+
hxg3+ 54. Kxg3 Rg1+ 55. Kh2 Ra1 56. Kg3 g5 57. Kh2 Ra2 58. Kg3 Ra3+ 59. Kg2 Ke5
60. Ra8 Kf4 61. a6 f5 62. a7 Ra6 63. Kg1 Ra2 64. Kg2 Ra1 65. Kh2 Ra3 66. Kg1 Ra2
67. Kg2 Ra3 1/2-1/2

[Event "35th Zalakaros Open 2016"]
[Site "Zalakaros HUN"]
[Date "2016.06.02"]
[Round "7.30"]
[White "Livaic, Leon"]
[Black "Szabo, Attila1"]
[Result "1-0"]
[WhiteTitle "FM"]
[BlackTitle "FM"]
[WhiteElo "2428"]
[BlackElo "2315"]
[WhiteFideId "14531534"]
[BlackFideId "1206532"]
[EventDate "2016.05.27"]

1. d4 d5 2. c4 e6 3. Nc3 Nf6 4. cxd5 exd5 5. Bg5 c6 6. Qc2 Be7 7. e3 O-O 8. Bd3
Nbd7 9. Nf3 Re8 10. O-O h6 11. Bh4 b6 12. Rab1 Bb7 13. b4 Nh5 14. Bxe7 Qxe7 15.
a4 Nhf6 16. a5 Rac8 17. Rfc1 g6 18. Qa2 Ne4 19. Bf1 Nxc3 20. Rxc3 Qd6 21. g3 Kg7
22. Bh3 f5 23. Qb2 Ba6 24. Bf1 Bxf1 25. Rxf1 Kh7 26. axb6 axb6 27. Ra1 Rc7 28.
Rca3 Rb8 29. Ra8 Rcb7 30. Rxb8 Qxb8 31. Qc2 Qd6 32. h4 h5 33. Ra8 Rc7 34. Ng5+
Kg7 35. Qa4 Qe7 36. Qa6 Qd6 37. Rd8 Qe7 38. Qa8 Nf6 39. Qb8 Ra7 40. Qc8 Qb7 41.
Ne6+ Kf7 42. Rf8+ Ke7 43. Qd8+ 1-0

[Event "35th Zalakaros Open 2016"]
[Site "Zalakaros HUN"]
[Date "2016.06.02"]
[Round "7.31"]
[White "Havasi, Gergo"]
[Black "Kantor, Gergely"]
[Result "1/2-1/2"]
[BlackTitle "IM"]
[WhiteElo "2367"]
[BlackElo "2424"]
[WhiteFideId "760293"]
[BlackFideId "751499"]
[EventDate "2016.05.27"]

1. e4 e5 2. Nf3 Nc6 3. Bb5 Nf6 4. O-O Nxe4 5. Re1 Nd6 6. Nxe5 Be7 7. Bf1 Nxe5 8.
Rxe5 O-O 9. Nc3 Ne8 10. Nd5 Bd6 11. Re1 c6 1/2-1/2

[Event "35th Zalakaros Open 2016"]
[Site "Zalakaros HUN"]
[Date "2016.06.02"]
[Round "7.32"]
[White "Nasuta, Grzegorz"]
[Black "Kulon, Klaudia"]
[Result "0-1"]
[WhiteTitle "IM"]
[BlackTitle "WGM"]
[WhiteElo "2413"]
[BlackElo "2304"]
[WhiteFideId "1141686"]
[BlackFideId "1131044"]
[EventDate "2016.05.27"]

1. e4 e5 2. Nf3 Nc6 3. Bb5 a6 4. Ba4 Nf6 5. O-O Be7 6. Re1 b5 7. Bb3 O-O 8. c3
d5 9. exd5 Nxd5 10. Nxe5 Nxe5 11. Rxe5 c6 12. d4 Bd6 13. Re1 Qh4 14. g3 Qh3 15.
Re4 g5 16. Qf1 Qh5 17. f3 Qg6 18. Nd2 Bf5 19. Qe2 b4 20. c4 Nf6 21. g4 Bxe4 22.
fxe4 Bf4 23. e5 Rfe8 24. Nf1 h5 25. Bc2 Qh6 26. Bxf4 gxf4 27. Qg2 Nh7 28. g5 Qg7
29. g6 Nf8 30. gxf7+ Kxf7 31. Ba4 Re6 32. Qxg7+ Kxg7 33. Nd2 c5 34. Nf3 cxd4 35.
Rd1 Ng6 36. Bd7 Re7 37. e6 Rg8 38. Kf2 Kf6 39. Rxd4 Reg7 40. c5 Nf8 41. c6 Nxe6
42. Rd6 Rxd7 43. cxd7 Ke7 44. Rd5 Nc7 45. Rd4 Ne6 46. Rd5 Nc7 47. Rd2 Rd8 48.
Ne5 Ke6 49. Ng6 Nd5 50. Kf3 Nf6 51. Nxf4+ Kf5 52. Rd6 Nxd7 53. Rxa6 Ne5+ 54. Ke3
Ng4+ 55. Kf3 Nxh2+ 56. Kg3 Nf1+ 57. Kf3 Nd2+ 58. Ke3 Nc4+ 59. Kf3 h4 60. b3 Ne5+
61. Ke3 Ng4+ 62. Kf3 Nh2+ 63. Kg2 Rd2+ 64. Kh3 Kxf4 65. Rb6 Nf3 66. Rxb4+ Ke3
67. Rb8 Rh2+ 68. Kg4 Rg2+ 69. Kf5 Rg5+ 70. Kf6 Rh5 71. Kg6 h3 0-1

[Event "35th Zalakaros Open 2016"]
[Site "Zalakaros HUN"]
[Date "2016.06.02"]
[Round "7.33"]
[White "Cebalo, Miso"]
[Black "Tarhon, Brian"]
[Result "1/2-1/2"]
[WhiteTitle "GM"]
[BlackTitle "FM"]
[WhiteElo "2407"]
[BlackElo "2285"]
[WhiteFideId "14500094"]
[BlackFideId "423190"]
[EventDate "2016.05.27"]

1. d4 Nf6 2. c4 e6 3. Nf3 b6 4. g3 Bb4+ 5. Bd2 Bxd2+ 6. Qxd2 Bb7 7. Bg2 O-O 8.
Nc3 Ne4 9. Nxe4 Bxe4 10. O-O d5 11. Rac1 Nc6 12. Rfd1 Rc8 13. Ne1 Bxg2 14. Nxg2
Qd7 15. Nf4 Rfd8 16. cxd5 exd5 17. Nd3 f6 18. Qf4 Re8 19. e3 Re4 20. Qf3 Ne7 21.
Rc3 c6 22. Rdc1 a5 23. a3 Re6 24. b4 axb4 25. Nxb4 Qd6 26. Nd3 Qc7 27. Qd1 Qa7
28. Qb3 Rd6 29. a4 g6 30. e4 Kg7 31. e5 fxe5 32. Nxe5 c5 33. Qb5 c4 34. Ra1 Nc6
35. Nxc6 Rcxc6 36. Re1 Qa5 37. Re7+ Kf6 38. Qxa5 bxa5 39. Ra7 Kf5 40. f3 Rb6 41.
Rxa5 Rb1+ 42. Kg2 Rb2+ 43. Kf1 Kf6 44. Rc5 Rxh2 45. a5 Re6 46. Rxd5 1/2-1/2

[Event "35th Zalakaros Open 2016"]
[Site "Zalakaros HUN"]
[Date "2016.06.02"]
[Round "7.34"]
[White "Piasetski, Leon"]
[Black "Csonka, Balazs"]
[Result "1/2-1/2"]
[WhiteTitle "IM"]
[BlackTitle "FM"]
[WhiteElo "2292"]
[BlackElo "2400"]
[WhiteFideId "2600072"]
[BlackFideId "742910"]
[EventDate "2016.05.27"]

1. c4 g6 2. g3 Bg7 3. Bg2 c5 4. Nc3 Nc6 5. d3 e6 6. Bxc6 bxc6 7. Qd2 d6 8. b3 h5
9. h4 Nh6 10. Bb2 Nf5 11. e3 O-O 12. Nge2 1/2-1/2

[Event "35th Zalakaros Open 2016"]
[Site "Zalakaros HUN"]
[Date "2016.06.02"]
[Round "7.35"]
[White "Del Rio De Angelis, Salvador G."]
[Black "Marosi, Levente"]
[Result "1-0"]
[WhiteTitle "GM"]
[BlackTitle "FM"]
[WhiteElo "2541"]
[BlackElo "2318"]
[WhiteFideId "2203138"]
[BlackFideId "747181"]
[EventDate "2016.05.27"]

1. d4 Nf6 2. c4 g6 3. Nc3 Bg7 4. e4 d6 5. Nf3 O-O 6. Be2 e5 7. dxe5 dxe5 8. Qxd8
Rxd8 9. Bg5 Rf8 10. Nd5 Nxd5 11. cxd5 c6 12. O-O f6 13. Be3 Rd8 14. Bc4 Kf8 15.
Rac1 Bd7 16. Rfd1 Ke8 17. Ne1 cxd5 18. Bxd5 Bc6 19. Bf7+ Kxf7 20. Rxd8 Bf8 21.
f3 Be7 22. Rh8 h5 23. Bc5 Bxc5+ 24. Rxc5 1-0

[Event "35th Zalakaros Open 2016"]
[Site "Zalakaros HUN"]
[Date "2016.06.02"]
[Round "7.36"]
[White "Nomin-Erdene, Davaademberel"]
[Black "Loos, Roland"]
[Result "0-1"]
[WhiteTitle "IM"]
[WhiteElo "2448"]
[BlackElo "2316"]
[WhiteFideId "4900782"]
[BlackFideId "4643232"]
[EventDate "2016.05.27"]

1. e4 c5 2. Nf3 e6 3. d4 cxd4 4. Nxd4 Qb6 5. Nc3 Bc5 6. Na4 Qa5+ 7. c3 Bxd4 8.
Qxd4 Nf6 9. Nc5 Nc6 10. Qe3 b6 11. Nd3 Bb7 12. Bd2 d5 13. c4 d4 14. Qe2 Qa4 15.
b3 Qa3 16. f4 O-O 17. e5 Nd7 18. Bc1 Qe7 19. Bb2 a5 20. Qd2 Nc5 21. Nf2 f6 22.
Bxd4 fxe5 23. Bxc5 Qxc5 24. Be2 Rad8 25. Qc3 Nd4 26. Bf3 Nxf3+ 27. gxf3 Rxf4 28.
Rd1 Rxd1+ 29. Nxd1 Bxf3 30. Rf1 Re4+ 31. Kd2 Re2+ 32. Kc1 Qa3+ 33. Nb2 Qxa2 34.
Nd3 Qa3+ 35. Kb1 Be4 36. Rd1 a4 37. c5 bxc5 0-1

[Event "35th Zalakaros Open 2016"]
[Site "Zalakaros HUN"]
[Date "2016.06.02"]
[Round "7.37"]
[White "Nagy, Gabor1"]
[Black "Gorcsi, Gabor"]
[Result "1-0"]
[WhiteTitle "IM"]
[BlackTitle "FM"]
[WhiteElo "2439"]
[BlackElo "2304"]
[WhiteFideId "737119"]
[BlackFideId "763411"]
[EventDate "2016.05.27"]

1. Nf3 g6 2. e4 c5 3. d4 Bg7 4. c4 cxd4 5. Nxd4 Nc6 6. Be3 Nf6 7. Nc3 O-O 8. Be2
d6 9. O-O Bd7 10. Qd2 Nxd4 11. Bxd4 Qa5 12. f3 Rfc8 13. Rfc1 Be6 14. b3 h5 15.
Rab1 h4 16. Be3 Nd7 17. h3 Qe5 18. f4 Qf6 19. Nb5 Nc5 20. Bd4 Nxe4 21. Qe3 Qf5
22. Bg4 Bxd4 23. Nxd4 Qc5 24. b4 Qb6 25. Bxe6 1-0

[Event "35th Zalakaros Open 2016"]
[Site "Zalakaros HUN"]
[Date "2016.06.02"]
[Round "7.38"]
[White "Konopka, Michal"]
[Black "Warakomska, Anna"]
[Result "1/2-1/2"]
[WhiteTitle "IM"]
[BlackTitle "WIM"]
[WhiteElo "2418"]
[BlackElo "2298"]
[WhiteFideId "308633"]
[BlackFideId "1130790"]
[EventDate "2016.05.27"]

1. Nf3 d5 2. d4 Nf6 3. c4 c6 4. Qc2 dxc4 5. Qxc4 Bg4 6. Nbd2 Nbd7 7. g3 e6 8.
Bg2 Be7 9. O-O O-O 10. a3 c5 11. dxc5 Bxc5 12. b4 Be7 13. Bb2 a5 14. h3 Bh5 15.
Qb5 Qb6 16. Qxb6 Nxb6 17. Bd4 Na4 18. g4 Bg6 19. Ne5 axb4 20. Bxb7 Rab8 21. axb4
Rxb7 22. Nxg6 hxg6 23. Rxa4 Rxb4 24. Rxb4 Bxb4 25. Nf3 Nd5 26. Rb1 Bd6 27. e3
Rb8 28. Ra1 f6 29. Ra6 Rd8 30. Bb6 Nxb6 31. Rxb6 Rd7 32. Nd4 Kf7 33. Ra6 e5 34.
Ne2 Bb4 35. Ng3 Be7 36. Kg2 g5 37. Kf3 g6 38. Ne4 Rc7 39. Ra8 Kg7 40. Rb8 Kf7
41. Rb6 Kg7 42. Re6 Kf7 43. Ra6 Kg7 44. Ke2 Kf7 45. Rb6 Kg7 46. Re6 Kf7 47. Ra6
Kg7 48. Kd3 f5 49. gxf5 gxf5 50. Ng3 e4+ 51. Kd4 Bf6+ 52. Kd5 Kg6 53. Rc6 Rh7
54. Ke6 Re7+ 55. Kd5 1/2-1/2

[Event "35th Zalakaros Open 2016"]
[Site "Zalakaros HUN"]
[Date "2016.06.02"]
[Round "7.39"]
[White "Paschall, William M."]
[Black "Gazik, Igor"]
[Result "1-0"]
[WhiteTitle "IM"]
[BlackTitle "IM"]
[WhiteElo "2377"]
[BlackElo "2302"]
[WhiteFideId "2005379"]
[BlackFideId "14900149"]
[EventDate "2016.05.27"]

1. Nf3 d6 2. c4 e5 3. d4 Nd7 4. Nc3 Ngf6 5. e4 g6 6. Be2 Bg7 7. O-O O-O 8. Re1
Re8 9. d5 Nc5 10. Bf1 a5 11. g3 Rf8 12. Nh4 Ne8 13. Be3 f5 14. exf5 gxf5 15. f4
b6 16. Rc1 Bd7 17. h3 Qe7 18. Kh2 Bf6 19. Nf3 e4 20. Nd4 Qg7 21. Rc2 Kh8 22. Rg2
Rg8 23. Ndb5 Qh6 24. Be2 Rd8 25. Rh1 c6 26. Nd4 cxd5 27. Nxd5 Bg7 28. Nxb6 Qf6
29. g4 fxg4 30. hxg4 Ne6 31. Nd5 Qf8 32. Kg1 Nxd4 33. Bxd4 Bxd4+ 34. Qxd4+ Rg7
35. f5 Bc6 36. f6 Nxf6 37. Nxf6 e3 38. Nxh7 Qf2+ 39. Rxf2 exf2+ 40. Qxf2 Bxh1
41. Nf6 1-0

[Event "35th Zalakaros Open 2016"]
[Site "Zalakaros HUN"]
[Date "2016.06.02"]
[Round "7.40"]
[White "Saravanan, V."]
[Black "Fogarasi, Tibor"]
[Result "1/2-1/2"]
[WhiteTitle "IM"]
[BlackTitle "GM"]
[WhiteElo "2272"]
[BlackElo "2372"]
[WhiteFideId "5000580"]
[BlackFideId "700363"]
[EventDate "2016.05.27"]

1. Nf3 Nf6 2. c4 g6 3. Nc3 d5 4. cxd5 Nxd5 5. Qa4+ Nc6 6. Ne5 Qd6 7. Nxc6 Qxc6
8. Qxc6+ bxc6 9. b3 Bg7 10. Bb2 Nxc3 11. Bxc3 Bxc3 12. dxc3 Be6 13. e3 a5 14.
Be2 O-O 15. Bf3 1/2-1/2

[Event "35th Zalakaros Open 2016"]
[Site "Zalakaros HUN"]
[Date "2016.06.02"]
[Round "7.41"]
[White "Paszewski, Mateusz"]
[Black "Blazeka, Matej"]
[Result "1-0"]
[BlackTitle "FM"]
[WhiteElo "2218"]
[BlackElo "2341"]
[WhiteFideId "1141058"]
[BlackFideId "14515741"]
[EventDate "2016.05.27"]

1. c4 c6 2. Nf3 Nf6 3. Nc3 d5 4. e3 e6 5. b3 Nbd7 6. Bb2 Bd6 7. Qc2 O-O 8. Be2
Qe7 9. Rg1 Ng4 10. h3 Nge5 11. Nxe5 Nxe5 12. f4 Ng6 13. O-O-O a6 14. h4 Nxh4 15.
Rh1 f5 16. Rh3 d4 17. Na4 c5 18. Nb6 Rb8 19. Rdh1 Ng6 20. Rxh7 Bc7 21. Nxc8
Rbxc8 22. g4 Rcd8 23. Bf3 Bxf4 24. exf4 Nxf4 25. gxf5 Rxf5 26. Qe4 b5 27. Bg4
Rf6 28. Ba3 bxc4 29. bxc4 Rd7 30. Rh8+ Kf7 31. Rc8 Rc7 32. Rhh8 Ng6 33. Bh5 Rxc8
34. Rxc8 Qd7 35. Rb8 Qa4 36. Qb7+ 1-0

[Event "35th Zalakaros Open 2016"]
[Site "Zalakaros HUN"]
[Date "2016.06.02"]
[Round "7.42"]
[White "Hristodoulou, Panagiotis"]
[Black "Plichta, Kamil"]
[Result "1-0"]
[WhiteTitle "FM"]
[BlackTitle "FM"]
[WhiteElo "2245"]
[BlackElo "2336"]
[WhiteFideId "4214340"]
[BlackFideId "1141830"]
[EventDate "2016.05.27"]

1. e4 Nf6 2. e5 Nd5 3. c4 Nb6 4. d4 d6 5. exd6 exd6 6. Nc3 Be7 7. Bd3 O-O 8.
Nge2 Na6 9. O-O c6 10. a3 Nc7 11. b3 d5 12. c5 Nd7 13. Be3 b6 14. b4 Re8 15. Qa4
Bb7 16. Ng3 g6 17. Rae1 Bf6 18. Qc2 Ne6 19. Nce2 a5 20. Rb1 axb4 21. axb4 bxc5
22. bxc5 Ba6 23. Bxa6 Rxa6 24. Rb7 Qc8 25. Rfb1 Nd8 26. R7b3 Ra4 27. f4 Qa6 28.
f5 Ra2 29. Qd1 Ra3 30. Rxa3 Qxa3 31. Rb3 Qa4 32. Qd3 Bg7 33. Bd2 Qa1+ 34. Rb1
Qa2 35. Rf1 Nf6 36. Bg5 Ne4 37. Nxe4 Rxe4 38. Nc3 Qb3 39. f6 Bf8 40. Rb1 Qa3 41.
Be3 Re8 42. Qd2 Ne6 43. h4 Qa7 44. g4 h6 45. Kg2 Qd7 46. Kf3 Kh7 47. Bf4 Qd8 48.
g5 Qd7 49. Rg1 h5 50. Rg3 Ra8 51. Kg2 Ra1 52. Be5 Qb7 53. Rf3 Nd8 54. Rf2 Ra3
55. Qc2 Qd7 56. Qb2 Ra7 57. Ne2 Nb7 58. Ng3 Na5 59. Qb8 Nc4 60. Qxf8 Ne3+ 61.
Kh2 Nf1+ 62. Kg1 1-0

[Event "35th Zalakaros Open 2016"]
[Site "Zalakaros HUN"]
[Date "2016.06.02"]
[Round "7.43"]
[White "Spalir, Jernej"]
[Black "Dankhazi, Andras"]
[Result "1/2-1/2"]
[WhiteTitle "FM"]
[BlackTitle "FM"]
[WhiteElo "2330"]
[BlackElo "2267"]
[WhiteFideId "14606518"]
[BlackFideId "714267"]
[EventDate "2016.05.27"]

1. d4 Nf6 2. c4 g6 3. f3 d5 4. cxd5 Nxd5 5. e4 Nb6 6. Nc3 Bg7 7. Be3 O-O 8. Qd2
Nc6 9. O-O-O Qd6 10. Kb1 Rd8 11. Nb5 Qd7 12. d5 a6 13. dxc6 Qxd2 14. Rxd2 Rxd2
15. Bxd2 axb5 16. Bxb5 bxc6 17. Bxc6 Rb8 18. b3 Ba6 19. Nh3 Nc4 20. Bf4 Rb6 21.
Ba4 Na3+ 22. Kc1 Nb5 23. Bxb5 Bxb5 24. Rd1 Rc6+ 25. Kb1 h6 26. Nf2 f5 27. exf5
gxf5 28. Nd3 Rc3 29. Nb4 c5 30. Nc2 e5 31. Rd8+ Kf7 32. Bd2 Rd3 33. Rxd3 Bxd3
34. Be3 Bf8 35. Bd2 h5 36. a4 h4 37. Bg5 h3 38. gxh3 c4 39. Kb2 cxb3 40. Kxb3 f4
41. Kc3 Be2 42. Ne1 Bc5 43. Kd2 Bc4 44. Nd3 Bd4 45. a5 Ke6 46. Bd8 Be3+ 47. Ke2
Kf5 48. Bb6 e4 49. Bxe3 exd3+ 50. Kd2 fxe3+ 51. Kxe3 Kg5 52. Kd2 Kf4 53. h4 Bb5
54. h5 Kg5 55. f4+ Kxh5 56. h3 Kh4 57. Ke3 Kh5 58. Kd2 Kg6 59. h4 Kf5 60. h5 1/2-1/2

[Event "35th Zalakaros Open 2016"]
[Site "Zalakaros HUN"]
[Date "2016.06.02"]
[Round "7.44"]
[White "Laliena Solanes, Luis"]
[Black "Raja, Harshit"]
[Result "0-1"]
[WhiteElo "2205"]
[BlackElo "2329"]
[WhiteFideId "2212560"]
[BlackFideId "5089000"]
[EventDate "2016.05.27"]

1. e4 c5 2. Nf3 d6 3. Bb5+ Nd7 4. d4 cxd4 5. Qxd4 a6 6. Bxd7+ Bxd7 7. O-O Rc8 8.
c4 e5 9. Qd3 b5 10. Na3 Qb6 11. b3 Nf6 12. Bg5 Qc5 13. Bc1 Be7 14. Nd2 O-O 15.
Nc2 Nh5 16. Ba3 Qb6 17. g3 Bh3 18. Rfd1 f5 19. Qd5+ Kh8 20. Qe6 Qxf2+ 21. Kxf2
fxe4+ 22. Kg1 Bxe6 23. Nxe4 Bf5 24. Bxd6 Bxe4 25. Bxe7 Rfe8 26. Na3 Rxe7 27.
cxb5 axb5 28. Nxb5 Bf3 29. Re1 Nf6 30. Nd6 Rf8 31. Nf5 Ree8 32. Nd6 Rd8 33. Nc4
e4 34. a4 h5 35. a5 Nd5 36. a6 Nb4 37. Rec1 Ra8 38. Ne5 Rfe8 39. Nxf3 exf3 40.
Ra4 f2+ 0-1

[Event "35th Zalakaros Open 2016"]
[Site "Zalakaros HUN"]
[Date "2016.06.02"]
[Round "7.45"]
[White "Barski, Radoslaw"]
[Black "Michelle Catherina, P"]
[Result "1-0"]
[BlackTitle "WIM"]
[WhiteElo "2324"]
[BlackElo "2179"]
[WhiteFideId "1131710"]
[BlackFideId "5005736"]
[EventDate "2016.05.27"]

1. e4 e5 2. Nf3 Nc6 3. Bb5 a6 4. Ba4 Nf6 5. Bxc6 dxc6 6. d3 Nd7 7. Nbd2 Bd6 8.
Nc4 c5 9. Ne3 Nb8 10. h4 h6 11. h5 Nc6 12. Nh4 Ne7 13. Qf3 Be6 14. Nhf5 Rg8 15.
Ng4 Nxf5 16. exf5 Bd7 17. Qxb7 Bxf5 18. Ne3 Be6 19. Qc6+ Kf8 20. b3 a5 21. a4
Rb8 22. Ba3 Bd7 23. Qe4 Qg5 24. Qh4 Be6 25. Qxg5 hxg5 26. g4 Ke7 27. Ke2 Rh8 28.
f3 Kd7 29. Bb2 c6 30. Bc3 Bc7 31. Rag1 f6 32. Nf1 Rh6 33. Ng3 Bd5 34. Bd2 Rh7
35. Rb1 Rbh8 36. c4 Bf7 37. Ne4 Bb6 38. Be3 Kc7 39. Rhg1 Rh6 40. Rg2 Bg8 41.
Nxc5 g6 42. hxg6 Rxg6 43. b4 Bxc5 44. Bxc5 axb4 45. Rxb4 Rh1 46. a5 Ra1 47. Ke3
Re1+ 48. Re2 Rxe2+ 49. Kxe2 Be6 50. a6 Bc8 51. Bd6+ 1-0

[Event "35th Zalakaros Open 2016"]
[Site "Zalakaros HUN"]
[Date "2016.06.02"]
[Round "7.46"]
[White "Skuhala, Jernej"]
[Black "Del Rey, Diego"]
[Result "1/2-1/2"]
[BlackTitle "IM"]
[WhiteElo "2142"]
[BlackElo "2388"]
[WhiteFideId "14605651"]
[BlackFideId "102164"]
[EventDate "2016.05.27"]

1. e4 c6 2. d4 d5 3. exd5 cxd5 4. Bd3 Nc6 5. c3 Qc7 6. Qb3 e6 7. Nf3 Bd6 8. O-O
Nge7 9. Bg5 O-O 10. Nbd2 Ng6 11. Qc2 Bd7 12. Rfe1 b5 13. Rac1 Na5 14. h4 f5 15.
Nf1 h6 16. Bd2 Nf4 17. b3 Rac8 18. g3 Nxd3 19. Qxd3 f4 20. g4 Qd8 21. N1h2 Nc6
22. g5 h5 23. Qe2 Qe8 24. Kh1 Rb8 25. c4 bxc4 26. bxc4 Qg6 27. cxd5 exd5 28. Ne5
Bxe5 29. dxe5 Nd4 30. Qd1 Ne6 31. Bc3 d4 32. Ba1 f3 33. Bxd4 Rb4 34. Bc5 Rxh4
35. Bxf8 Qf5 36. Re3 Nd4 37. e6 Bxe6 38. Bd6 Ne2 39. Rb1 Rd4 40. Rb8+ Kh7 41.
Qb1 Rxd6 42. Qxf5+ Bxf5 43. Nxf3 Nf4 44. Nh4 Bd7 45. Kh2 Bc6 46. Rc8 Bb5 47. Rf3
Ng6 48. Nf5 Rd7 49. Rh3 Be2 50. f3 Ne5 51. Re8 Nxf3+ 52. Kg3 Nxg5 53. Rxe2 Nxh3
54. Kxh3 Rd5 55. Ng3 Ra5 56. Rd2 1/2-1/2

[Event "35th Zalakaros Open 2016"]
[Site "Zalakaros HUN"]
[Date "2016.06.02"]
[Round "7.47"]
[White "Szalanczy, Emil"]
[Black "Skawinski, Arkadiusz"]
[Result "0-1"]
[WhiteTitle "IM"]
[BlackTitle "FM"]
[WhiteElo "2218"]
[BlackElo "2367"]
[WhiteFideId "700347"]
[BlackFideId "1126415"]
[EventDate "2016.05.27"]

1. e4 e5 2. Nf3 Nc6 3. Bb5 a6 4. Ba4 Nf6 5. O-O Be7 6. Re1 b5 7. Bb3 O-O 8. a4
b4 9. d3 d6 10. Nbd2 Na5 11. Ba2 c5 12. Nc4 Nc6 13. c3 Rb8 14. h3 h6 15. d4 cxd4
16. cxd4 Qc7 17. Bb3 Bb7 18. d5 Na5 19. Nxa5 Qxa5 20. Nd2 Nd7 21. Nc4 Qd8 22.
Qg4 Kh7 23. Be3 a5 24. Nxa5 Nc5 25. Nxb7 Nxb7 26. Bc4 Bg5 27. Bb5 Bxe3 28. Rxe3
g6 29. Rb3 Nc5 30. Rg3 Qa5 31. Bc6 b3 32. Rc3 Rb4 33. Rxc5 Qxc5 34. a5 Rc4 35.
Kh2 Rc1 36. Rxc1 Qxc1 37. Qe2 Qc2 38. Bb5 Qxe2 39. Bxe2 Rc8 40. a6 Rc2 41. a7
Rc8 42. Bc4 Ra8 43. Bxb3 Rxa7 44. Bc4 Ra1 45. Kg3 Kg7 46. Kf3 Rb1 47. b3 Rb2 48.
g3 Kf6 49. h4 Kg7 50. Ke3 f5 51. f4 Kf6 52. Kf3 Rb1 53. g4 exf4 54. exf5 g5 55.
hxg5+ hxg5 56. Ke4 Re1+ 57. Kf3 Ke5 58. Be2 Rb1 59. Bc4 Rb2 60. f6 Kxf6 61. Ke4
Rb1 62. Kd4 Rd1+ 63. Kc3 f3 64. Kc2 Re1 65. b4 f2 0-1

[Event "35th Zalakaros Open 2016"]
[Site "Zalakaros HUN"]
[Date "2016.06.02"]
[Round "7.48"]
[White "Dolana, Andrei-Theodor"]
[Black "Horvath, Dominik"]
[Result "1-0"]
[WhiteTitle "FM"]
[WhiteElo "2354"]
[BlackElo "2286"]
[WhiteFideId "1219804"]
[BlackFideId "1642561"]
[EventDate "2016.05.27"]

1. d4 Nf6 2. c4 g6 3. f3 Bg7 4. e4 d6 5. Nc3 O-O 6. Be3 Nc6 7. Qd2 a6 8. Nge2
Rb8 9. Rc1 Bd7 10. Nd1 Re8 11. Nf2 b5 12. c5 dxc5 13. Rxc5 e5 14. d5 Ne7 15. Qc1
Bf8 16. Bg5 Nc8 17. Rc2 Nb6 18. Nc3 Rc8 19. Be2 Be7 20. Bh6 c6 21. dxc6 Rxc6 22.
O-O Qc7 23. a3 Rc8 24. Bg5 Bc5 25. Kh1 Be7 26. Nd3 Be6 27. Nb4 Bxb4 28. axb4 Nh5
29. Qa1 Na4 30. Rfc1 Qd6 31. Qa3 Nf4 32. Rd1 Qb8 33. Bf1 Kg7 34. g3 h6 35. Be7
Nh5 36. Rcd2 Nxc3 37. bxc3 Rxc3 38. Qxa6 Rxf3 39. Bd6 Qa8 40. Qxa8 Rxa8 41. Bxb5
f6 42. Bc6 Rd8 43. Bc7 Rf1+ 44. Rxf1 Rxd2 45. b5 Bh3 46. Rc1 Bg4 47. Kg1 Bf3 48.
Rc3 Bg4 49. b6 Rd1+ 50. Kf2 Rd2+ 51. Ke3 Rxh2 52. b7 Nxg3 53. b8=Q Be2 54. Bxe5
Nf1+ 55. Kd4 1-0

[Event "35th Zalakaros Open 2016"]
[Site "Zalakaros HUN"]
[Date "2016.06.02"]
[Round "7.49"]
[White "Tate, Alan"]
[Black "Hardicsay, Peter"]
[Result "1-0"]
[WhiteTitle "FM"]
[BlackTitle "IM"]
[WhiteElo "2307"]
[BlackElo "2245"]
[WhiteFideId "2401878"]
[BlackFideId "700622"]
[EventDate "2016.05.27"]

1. Nf3 Nf6 2. g3 b6 3. Bg2 Bb7 4. O-O g6 5. b3 Bg7 6. Bb2 O-O 7. c4 c5 8. Nc3 d6
9. d4 cxd4 10. Nxd4 Bxg2 11. Kxg2 Qc7 12. e4 Qb7 13. Qe2 Re8 14. Rad1 Nbd7 15.
f3 a6 16. Rfe1 Rad8 17. Nc2 Ne5 18. Ne3 e6 19. Rd2 g5 20. Red1 h5 21. Nf1 Qc7
22. h3 g4 23. Nh2 gxh3+ 24. Kxh3 Bh6 25. Rg1 Kf8 26. Rdd1 Bg7 27. Qd2 d5 28.
cxd5 exd5 29. exd5 b5 30. d6 Qd7+ 31. Kg2 Kg8 32. Ne2 Qf5 33. Rgf1 Qg6 34. Nf4
Qh6 35. Rfe1 Nfd7 36. Nd5 Qxd6 37. Qg5 Qh6 38. Qxh6 Bxh6 39. Bxe5 1-0